000 00253nam a22001097a 4500
003 SGT
005 20260702095625.0
245 _aINTERNATIONAL JOURNAL OF COMMUNITY HEALTH NURSING
260 _aINDIA
_bMCMED
_c2021-2022
300 _a88, 73
942 _2ddc
_cBV
999 _c35000
_d35000